00935nam a22002657a 4500003001700000005001700017008004100034020001800075040000700093041001200100082001400112100001900126245002200145250000700167260002500174300003100199365006200230500023700292650003300529700002200562700002200584700002600606700001900632700001800651St Aloysius Coll20251028190716.0251028b |||||||| |||| 00| 0 eng d a9789357055802 cAL aEnglish a302bAROS aElliot Aronson aSocial psychology a11 aNoidabPearsonc2024 axxv, 528p.bPBc25.3x20cm. 2Generala4226b₹680.00c₹d₹850.00e20%f23/10/2025 aIntroducing social psychology; Methodology; Social cognition; Social perception; The self; Cognitive dissonance and the change; Attitudes and attitude change; Conformity and Obedience; Group processes; Attractions and relationships  2SociologyaSocial Psychology aWilson, Timothy D aSommers, Samuel R aPage-Gould, Elizabeth aJr, Neil Lewis aTucker, Veena